M-1グランプリ決勝進出回数 - Statistics

General Stats
  • This quiz has been taken 41 times
  • The average score is 8 of 10
Answer Stats
# コンビ名 出場回数(年) % Correct
1 笑い飯 9回 (02-10)
94%
真空ジェシカ 5回 (21-25)
90%
和牛 5回 (15-19)
84%
オズワルド 4回 (19-22)
77%
ハライチ 5回 (09,10,15,16,21)
74%
3 フットボールアワー 4回 (01-03,06)
71%
千鳥 4回 (03-05,07)
71%
ジャルジャル 4回 (10,16-18)
68%
スーパーマラドーナ 4回 (15-18)
68%
2 麒麟 5回 (01,03-06)
61%
No matching quizzes found
Score Distribution
Percent of People with Each Score
Percentile by Number Answered
Your Score History
You have not taken this quiz